Reapertura del Cau Ferrat
Publicado:
San Jorge, núm. 66 (abril 1967), pàg 57 :
MARC
| LEADER | 00000nam a2200000Ia 4500 | ||
|---|---|---|---|
| 001 | |||
| 008 | 160829s9999 xx 000 0 cat d | ||
| 245 | |a Reapertura del Cau Ferrat | ||
| 260 | |a San Jorge, núm. 66 (abril 1967), pàg 57 | ||
| 650 | |a Cau Ferrat (Museu) |9 40554 | ||
| 650 | |a Museus |x Sitges |9 40555 | ||
| 901 | |a Arxiu | ||
| 942 | |n 1 | ||
| 952 | |0 0 |1 0 |4 0 |7 1 |9 49780 |a Arxiu |b Arxiu |d 2016-12-01 |l 0 |r 2016-12-01 00:00:00 |w 2016-12-01 |y ARXIU | ||
| 999 | |c 53622 |d 53622 | ||